000 00492nam a22001937a 4500
003 OSt
005 20140310181704.0
008 121120t xxu||||| |||| 00| 0 eng d
020 _a0340626550
050 _aPZ 7
_b.P945 1995
082 _aKF
_bP93h 1995
100 _aPrice, Susan
_96925
245 _aHauntings /
_cSusan Price.
260 _aGreat Britain:
_bHodder Children's Books,
_c1995.
300 _g20 cm.
_a173 p. ;
541 _j1
562 _e1
942 _2lcc
_cBK-KF
_kKF
999 _c1279
_d1279